000 00783nam a22002177a 4500
999 _c5868
_d5868
003 AR-CdUCM
008 190313b ||||| |||| 00| 0 spa d
040 _aMUNICIPALIDAD PROVINCIAL DEL CUSCO
_cBIBLIOTECA MUNICIPAL DEL CUSCO
082 _a869.7 /
_bS55
100 _aSilva, Oscar
_911482
245 _aApuntes para una historia literaria de Arequipa :
_bdesde 1800 hasta nuestros días /
_cOscar Silva
260 _aArequipa :
_bSilver ,
_c1949.
300 _a108 páginas ;
_c19 cm.
505 _aContenido: Arequipa colonial -- Presencia de Melgar -- Cayetano Sánchez -- Ernesto Noboa...
650 _aPoetas arequipeños
_917330
650 _aBiografías
_9148
650 _aLocalismo y exotismo
_917331
650 _aSiglo XIX
_9971
942 _2ddc
_cLIBROS
945 _aLiseth